000 00597 a2200205 4500
001 137776
020 _a9788583370833
040 _cLeonardo Da Vinci
041 _aPortuguês
082 _a519.2 A532
_bA532
100 _aMORGADO, Augusto César... [et al.]
245 _aAnálise combinatória e probabilidade com as soluções dos exercícios
250 _a10. ed
260 _bSBM
_c2016
_aRio de Janeiro
300 _a326
362 _a20160000
490 _aColeção do Professor de Matemática, v. 2
697 _aMatemática
_aAnálise combinatória
_aProbabilidade
942 _cBK
999 _c137776
_d137776